أبو جعفر الطحاوى : (Record no. 16009)
[ view plain ]
| 000 -الفاتح | |
|---|---|
| حقل البيانات ثابتة الطول | 00749nam a22001817a 4500 |
| 008 - عناصر البيانات ثابتة الطول - معلومات عامة | |
| حقل البيانات ثابتة الطول | 110913s1975 ua||||| |||| 00| 0 ara d |
| 082 ## - رقم تصنيف ديوى العشرى | |
| رقم الطبعة | 22 |
| رقم التصنيف | 297.2092 |
| رقم المادة | م ح م |
| 100 1# - المدخل الرئيسى - إسم شخصى | |
| 9 (RLIN) | 27148 |
| الإسم الشخصى | محمود ، عبد المجيد |
| 245 ## - بيان العنوان | |
| العنوان | أبو جعفر الطحاوى : |
| بقية العنوان | وأثره فى الحديث / |
| بيان المسئوليه,etc | عبد المجيد محمود |
| 260 ## - PUBLICATION, DISTRIBUTION, ETC. (IMPRINT) | |
| مكان الناشر او الموزع | القاهرة : |
| اسم الناشر او الموزع | الهيئة المصرية العامة للكتاب ، |
| تاريخ النشر أو التوزيع | 1975. |
| 300 ## - الوصف المادى | |
| التعداد | 372 ص ؛ |
| أبعاد الوعاء | 24 سم. |
| 504 ## - تبصرة ببليوجرافية | |
| تبصرة ببليوجرافية,الخ | يشتمل على إرجاعات ببليوجرافية 353 - 372 |
| 650 #0 - المدخل الاضافى بالموضوع-مصطلح موضوعى | |
| 9 (RLIN) | 16065 |
| مصطلح موضوعي أو اسم جغرافي كعنصر مدخل | علم الكلام |
| 650 #0 - المدخل الاضافى بالموضوع-مصطلح موضوعى | |
| 9 (RLIN) | 26658 |
| مصطلح موضوعي أو اسم جغرافي كعنصر مدخل | العقائد الإسلامية |
| 650 #0 - المدخل الاضافى بالموضوع-مصطلح موضوعى | |
| 9 (RLIN) | 27147 |
| مصطلح موضوعي أو اسم جغرافي كعنصر مدخل | علم رواية الحديث |
| 653 ## - مصطلح تكشيفى غير مقيد | |
| Resource For college | |
| Arrived date list | September2011 |
| 942 ## - عناصر المدخل الإضافي( كوها) | |
| مصدر التصنيف او مخطط الترفيف | Dewey Decimal Classification |
| Koha [default] item type | Book - Borrowing |
| حالة التراجع | حالة الفقد | مصدر التصنيف او خطة الترفيف | حالة تلف | ليس للاعارة | مجموعات كوها | المكان الدائم | المكان الحالي | موقع الترفيف | تاريخ الاكتساب | رقم الاستدعاء | الباركود | Date last seen | نوع الوعاء |
|---|---|---|---|---|---|---|---|---|---|---|---|---|---|
| Dewey Decimal Classification | Alef-Baa | Central Library | Central Library | Lower Floor | 13/09/2011 | 297.2092 م ح م | 000024642 | 15/07/2025 | Book - Borrowing |